| 000 | 00616cam a22002171 4500 | ||
|---|---|---|---|
| 001 | sa 68003731 | ||
| 003 | DLC | ||
| 005 | 20260227112455.0 | ||
| 008 | 710903s1966 ii s 00000 engd | ||
| 010 | _asa 68003731 //r862 | ||
| 025 | _aPL480:I-E-8997 | ||
| 043 | _aa-ii--- | ||
| 050 | 0 |
_aHD5820.G8 _bG84 1966 |
|
| 082 | _a331.1/095475 | ||
| 110 | 1 | 0 |
_aGujarat (India). _bBureau of Economics and Statistics. |
| 245 | 1 | 0 | _aFact book on manpower. |
| 260 | 1 |
_aAhmedabad _c[1966] |
|
| 300 |
_avi, 63 p. _c25 cm. |
||
| 650 | 0 |
_aLabor supply _zGujarat _xStatistics. |
|
| 650 | 0 |
_aEducation _zIndia _zGujarat _xStatistics. |
|
| 999 |
_c79707 _d79707 |
||